Statistics for Every Mary J. Blige song that hit the Billboard hot 100

Click here to take the quiz!

General Stats

  • This quiz has been taken 19 times
  • The average score is 10 of 40

Answer Stats

Peak Chart PositionYearSong% Correct
632009The One
94%
12001Family Affair
88%
71992Real Love
69%
152002No More Drama
63%
32006Be Without You
56%
241997Everything
50%
222008Just Fine
50%
281993Sweet Thing
50%
281997I Can Love You
44%
862006One
38%
322006Enough Cryin
31%
221995I'm Goin' Down
31%
441993Love No Limit
31%
21996Not Gon' Cry (From "Waiting To Exhale")
31%
122002Rainy Dayz
31%
582006Take Me As I Am
31%
291992You Remind Me (From "Strictly Business")
31%
552010I Am
25%
571995I Love You/You Bring Me Joy
25%
441991All That I Can Say
19%
291994Be Happy
19%
872012Mr. Wrong
19%
412004Not Today
19%
571992Reminisce
19%
632000Deep Inside
13%
31995I'll Be There For You/You're All I Need To Get By
13%
382000911
6%
682000Give Me You
6%
222003Love At 1st Sight
6%
752005MJB Da MVP
6%
292003Ooh!
6%
652007Work That
6%
752010Bridge Over Troubled Water
0%
652003Come Close To Me
0%
712008IfULeave
0%
791998Lean On Me
0%
292009Remember Me
0%
22007Runaway Love
0%
631994You Don't Have To Worry
0%
951995(You Make Me Feel Like) A Natural Woman (From "New York Undercover")
0%

Score Distribution

Percentile by Number Answered

Percent of People with Each Score

Your Score History

You have not taken this quiz